NGOs Eastern Africa 2007/8. : (Record no. 15058)
[ view plain ]
| 000 -LEADER | |
|---|---|
| fixed length control field | 00745cam a22002172 4500 |
| 001 - CONTROL NUMBER | |
| control field | 0000008777 |
| 005 - DATE AND TIME OF LATEST TRANSACTION | |
| control field | 20151217161139.0 |
| 008 - FIXED-LENGTH DATA ELEMENTS--GENERAL INFORMATION | |
| fixed length control field | 080530s xx 000 0 eng d |
| 020 ## - INTERNATIONAL STANDARD BOOK NUMBER | |
| International Standard Book Number | 9966707921 : |
| Terms of availability | KES |
| 040 ## - CATALOGING SOURCE | |
| Original cataloging agency | KABU |
| Transcribing agency | KABU |
| 245 10 - TITLE STATEMENT | |
| Title | NGOs Eastern Africa 2007/8. : |
| Remainder of title | directory & profiles. |
| 250 ## - EDITION STATEMENT | |
| Edition statement | 3rd ed. |
| 260 ## - PUBLICATION, DISTRIBUTION, ETC. (IMPRINT) | |
| Place of publication, distribution, etc. | Nairobi : |
| Name of publisher, distributor, etc. | New Dawn Media, |
| Date of publication, distribution, etc. | 2007. |
| 300 ## - PHYSICAL DESCRIPTION | |
| Extent | 278 p. |
| 650 #0 - SUBJECT ADDED ENTRY--TOPICAL TERM | |
| Topical term or geographic name as entry element | Human services |
| Form subdivision | Directories |
| Geographic subdivision | Africa, Eastern. |
| -- | 0000159478 |
| 650 #0 - SUBJECT ADDED ENTRY--TOPICAL TERM | |
| Topical term or geographic name as entry element | Non-governmental organizations |
| Form subdivision | Directories |
| Geographic subdivision | Africa, Eastern. |
| -- | 0000159479 |
| 650 #0 - SUBJECT ADDED ENTRY--TOPICAL TERM | |
| Topical term or geographic name as entry element | Non-profit organizations. |
| Form subdivision | Directories |
| Geographic subdivision | Africa, Eastern. |
| -- | 0000159480 |
| 908 ## - PUT COMMAND PARAMETER (RLIN) | |
| Put command parameter | 080530 |
| 950 ## - LOCAL HOLDINGS (RLIN) | |
| -- | 1 |
| Withdrawn status | Lost status | Source of classification or shelving scheme | Not for loan | Home library | Current library | Date acquired | Total Checkouts | Full call number | Barcode | Date last seen | Price effective from | Koha item type |
|---|---|---|---|---|---|---|---|---|---|---|---|---|
| Library of Congress Classification | Not For Loan | Kabarak, Main Campus | Kabarak, Main Campus | 17/12/2015 | HV446 .N46 2007 c. 1 | 012607 | 17/12/2015 | 17/12/2015 | Reference |